000 00661nam a2200181 u 4500
001 000415131
003 AM-YeHGA
005 20250617132947.0
008 050316s1982 ||| r 000 0 rus d
040 _aAM-YeHGA
041 0 _arus
100 1 _aДробиз, Герман Федорович
245 1 0 _aДорогие черты :
_bЮморист. рассказы. Монологи. Маленькие повести /
_cГерман Дробиз.
260 _aСвердловск :
_bСред.-Урал. кн. изд-во,
_c1982.
300 _a223 с.
_bил.
653 0 _aРусская советская литература
090 _c159699
999 _c158295
_d158295